The voyage of the dawn treader

Bibliographic Details
Main Author: Lewis, C. S
Format: Book
Published: New York : HarperCollins Publisher , 2005
Series:The chronicles of Narnia
Subjects:

MARC

LEADER 00000cam a2200000 7i4500
001 0000032133
005 20160330.0
008 120522
020 |a 0007202318 
090 0 0 |a LEW   |b ENG 
100 1 |a Lewis, C. S 
245 1 4 |a The voyage of the dawn treader   |c C. S Lewis 
260 |a New York :   |b HarperCollins Publisher ,   |c 2005 
440 |a The chronicles of Narnia 
500 |a Teenager ages 13-18 years old (blue) 
650 0 |a English fiction 
999 |a 0001046280   |b Book   |c Teenagers   |e Perbadanan Perpustakaan Awam Johor 
999 |a 0001046281   |b Book   |c Teenagers   |e Perbadanan Perpustakaan Awam Johor 
999 |a 0001046282   |b Book   |c Teenagers   |e Perbadanan Perpustakaan Awam Johor 
999 |a 0001046283   |b Book   |c Teenagers   |e Perbadanan Perpustakaan Awam Johor